Movimientos sociales, poder y espacio

Uloženo v:
Podrobná bibliografie
Médium: Text
Témata:
Tagy: Přidat tag
Žádné tagy, Buďte první, kdo vytvoří štítek k tomuto záznamu!

MARC

LEADER 00000 a a2200000 04500
001 4850
003
040
245 |a Movimientos sociales, poder y espacio  
650 |a MOVIMIENTOS SOCIALES  
650 |a PODER  
650 |a SOCIEDAD  
650 |a POLITICA  
650 |a ESPAÑA  
773 |g volumen 1, número 1; páginas 4-7  
999 |c 36446  |d 36446